000 00601nam a22002057a 4500
003 OSt
005 20260226020003.0
008 140709b xxu||||| |||| 00| 0 eng d
020 _a9788131213742
040 _cDNLM
082 _aQY4 T446r 2008
_bT
245 _aTIETZ Fundamentals of clinical chemistry
250 _a6th ed.
260 _aPhiladelphia:
_bSaunders,
_c2008
300 _axx,952p;
_bill
_c28cm
504 _aAppendix, glossary, index included.
650 _aClinical chemistry
_9428
700 _aEdited by Burtis Carl A., Aswhood Edward R., Bruns David E.
_9429
942 _2z
_cO_SHELF
_03
999 _c162
_d162